[Event "St Petersburg Rapid final"]
[Site "St Petersburg"]
[Date "2014.09.28"]
[Round "3.1"]
[White "Popova, Valeriya"]
[Black "Lintchevski, Daniil"]
[Result "0-1"]
[WhiteElo "1470"]
[BlackElo "2555"]
[PlyCount "109"]
[EventDate "2014.09.27"]
[EventType "k.o. (rapid)"]
[EventRounds "5"]
[EventCountry "RUS"]
[SourceTitle "CBM 162 Extra"]
[Source "ChessBase"]
[SourceDate "2014.10.17"]
[SourceVersion "1"]
[SourceVersionDate "2014.10.17"]
[SourceQuality "1"]

1. c4 c6 2. Nf3 d5 3. e3 Nf6 4. Nc3 a6 5. d4 b5 6. c5 g6 7. b4 a5 8. bxa5 Qxa5 9. Bd2 b4 10. Ne2 Ne4 11. Nc1 Ba6 12. Bxa6 Nxa6 13. Nb3 Qa4 14. 0-0 Bg7 15. Qc2 0-0 16. Rfc1 Nc7 17. Ne1 e5 18. Nd3 exd4 19. exd4 Nb5 20. Be3 Rfe8 21. Nb2 Qa3 22. Nd1 f5 23. f3 Nec3 24. Nxc3 Nxc3 25. Re1 Qa6 26. g3 Re6 27. Bf2 Rxe1+ 28. Rxe1 Qxa2 29. Qxa2 Rxa2 30. Re8+ Kf7 31. Rb8 Rb2 32. Rb7+ Ke8 33. Rb8+ Kd7 34. Rb7+ Kc8 35. Rxb4 Ne2+ 36. Kf1 Nc1 37. Rb6 Nxb3 38. Rxc6+ Kb7 39. Rd6 Kc7 40. Rxd5 Rd2 41. Be3 Rc2 42. h4 Rc4 43. h5 Bxd4 44. hxg6 hxg6 45. Bf4+ Kc6 46. Rd6+ Kxc5 47. Rxg6 Rc2 48. Rg5 Rf2+ 49. Kg1 Kc4 50. Rxf5 Nd2 51. g4 Nxf3+ 52. Kh1 Kd3 53. Bg3 Rf1+ 54. Kg2 Ke2 55. Rf7 0-1